| 000 | 00737cab a2200229 4500 | ||
|---|---|---|---|
| 001 | WB3332-14 | ||
| 008 | 090401t1997 xxu||||| |||| 00| 0 eng d | ||
| 035 | _a(Sirsi) u80249 | ||
| 041 | _aeng | ||
| 245 | _a1998/99 grant rate announced | ||
| 260 | _c1997 | ||
| 350 | _a0 | ||
| 490 |
_aDOETR News Release _v(ENV/321) 7 August 1997, (3) |
||
| 520 | _aThe terms under which housing associations and other registered social landlords in England can bid for development grants in 1998/99 is announced. | ||
| 650 | _aAPPROVED DEVELOPMENT PROGRAMME | ||
| 650 | _aDEVELOPMENT GRANT | ||
| 650 | _aHOUSING ASSOCIATIONS | ||
| 650 | _aREGISTERED SOCIAL LANDLORDS | ||
| 690 | _aHOUSING-DEVELOPMENT | ||
| 942 | _n0 | ||
| 948 | _c13/08/1997 | ||
| 999 |
_c50517 _d50517 |
||